[Event "1st Breizh Masters"]
[Site "Guingamp FRA"]
[Date "2003.03.03"]
[Round "4"]
[White "Berthelot,Y"]
[Black "Le Roux,JP"]
[Result "0-1"]
[WhiteElo "2311"]
[BlackElo "2364"]

1.e4 c5 2.Nf3 e6 3.d4 cxd4 4.Nxd4 a6 5.Bd3 Bc5 6.Nb3 Ba7 7.O-O Ne7 8.Nc3 Nbc6
9.Bf4 d6 10.Qh5 O-O 11.Bxd6 Qxd6 12.e5 g6 13.exd6 gxh5 14.dxe7 Nxe7 15.Rfe1 Rb8
16.Rad1 Ng6 17.Ne4 Kg7 18.Nec5 Rd8 19.Be2 Rxd1 20.Rxd1 h4 21.Kf1 Ne5 22.Rd4 Ng6
23.Rd1 b5 24.Ne4 Ne5 25.Nd6 Kf6 26.Nd4 Bd7 27.Nf3 Ng4 28.Ne4+ Ke7 29.h3 Bc6
30.Neg5 Nxf2 31.Rd2 Be3 32.Ne5 Be8 33.Ngf3 Bxd2 34.Nxd2 Nh1 35.Bf3 Rd8 36.Nb3 Ng3+
37.Kf2 f6 38.Nd3 e5 39.Nbc5  0-1

[Event "Milovan Prvulj Mem"]
[Site "Pancevo YUG"]
[Date "2003.03.03"]
[Round "5"]
[White "Matovic,Radoj"]
[Black "Illijin,N"]
[Result "0-1"]
[WhiteElo "2182"]
[BlackElo "2282"]

1.e4 c5 2.Nf3 e6 3.d4 cxd4 4.Nxd4 a6 5.Bd3 Qb6 6.c3 Bc5 7.Nd2 Nc6 8.Nc4 Qc7
9.Be3 b5 10.Nd2 Ne5 11.Bc2 Nf6 12.h3 Bb7 13.O-O Be7 14.f4 Nc4 15.Nxc4 Qxc4
16.Bd3 Qc7 17.e5 Nd5 18.Bd2 g6 19.Ne2 Bc5+ 20.Kh1 f5 21.Nd4 O-O 22.Qe1 Qb6
23.Nf3 Be3 24.Bxe3 Nxe3 25.Qf2 Bxf3 26.gxf3 Nd5 27.Qxb6 Nxb6 28.Kg2 Rfc8
29.Rad1 Nd5 30.Kf2 Nxf4 31.Be2 Ra7 32.h4 Rc5 33.Ke3 Rxe5+ 34.Kxf4 Rxe2 35.Rd6 Kf7
36.Rfd1 Ke7 37.Kg5 Rxb2 38.Kh6 Rh2 39.R1d4 Rxh4+ 40.Rxh4 Kxd6 41.Kg5 Rc7
42.Kf6 Rxc3 43.Rd4+ Kc5 44.Rxd7 Rxf3 45.Rxh7 Re3  0-1

[Event "Edda Rapid"]
[Site "Reykjavic ISL"]
[Date "2003.03.03"]
[Round "1"]
[White "Hunt,H"]
[Black "Ornolfsson,M"]
[Result "1-0"]
[WhiteElo "2389"]
[BlackElo "2216"]

1.e4 c5 2.Nf3 e6 3.d4 cxd4 4.Nxd4 a6 5.Bd3 Qc7 6.O-O Nf6 7.Qe2 d6 8.c4 Be7
9.Nc3 O-O 10.Rd1 Nbd7 11.Nf3 b6 12.Bf4 Bb7 13.Rac1 Rac8 14.b3 Rfd8 15.Bb1 Ne5
16.Ne1 Ng6 17.Be3 Nd7 18.f3 Bf6 19.Na4 Nc5 20.Nb2 a5 21.Nbd3 Qe7 22.g3 h5
23.Bf2 h4 24.Ng2 e5 25.Ne3 Bg5 26.Nf5 Qf6 27.Rc2 hxg3 28.hxg3 Ne7 29.Ne3 Ne6
30.Ng4 Qg6 31.Bxb6 Nd4 32.Bxd4 exd4 33.f4 Bf6 34.Ndf2 Re8 35.Rcd2 Kf8 36.e5 Nf5
37.Qd3 Ne3 38.Qxg6 fxg6 39.exf6 Nxd1 40.Rxd1 gxf6  1-0

[Event "Victor Ciocaltea Mem"]
[Site "Bucharest ROM"]
[Date "2003.03.07"]
[Round "4"]
[White "Burnoiu,N1"]
[Black "Lemmers,O"]
[Result "1/2-1/2"]
[WhiteElo "2414"]
[BlackElo "2444"]

1.e4 c5 2.Nf3 e6 3.d4 cxd4 4.Nxd4 a6 5.Bd3 Bc5 6.c3 Qc7 7.Be3 Nf6 8.Nd2 d5
9.O-O e5 10.Nc2 Be6  1/2-1/2

[Event "Victor Ciocaltea Mem"]
[Site "Bucharest ROM"]
[Date "2003.03.08"]
[Round "5"]
[White "Furtuna,A"]
[Black "Ionescu,Co"]
[Result "1/2-1/2"]
[WhiteElo "2415"]
[BlackElo "2473"]

1.e4 c5 2.Nf3 e6 3.d4 cxd4 4.Nxd4 a6 5.Bd3 Nf6 6.O-O d6 7.c4 b6 8.Nc3 Bb7
9.b3 g6 10.Bb2 Bg7 11.Qe2 Nbd7 12.Rad1 O-O 13.Bb1 Qc7 14.Kh1 Rad8 15.Nf3 Rfe8
16.Qd2 Nc5 17.Rfe1 Ng4 18.h3 Bh6 19.Qe2 Ne5 20.Bc1 Bxc1 21.Rxc1 Nxf3  1/2-1/2

[Event "Tch-SWE 2002-3"]
[Site "Sweden SWE"]
[Date "2003.03.14"]
[Round "9"]
[White "Nilsson,P"]
[Black "Nordstrom,F"]
[Result "1/2-1/2"]
[WhiteElo "2022"]
[BlackElo "2176"]

1.e4 c5 2.Nf3 e6 3.d4 cxd4 4.Nxd4 a6 5.Bd3 d5 6.exd5 Qxd5 7.Nf3 Nf6 8.Nc3 Qd6
9.Bg5 Be7 10.O-O Nbd7 11.Qe2 Nc5 12.Rad1 Qc7 13.Ne5 O-O 14.f4 b5 15.Rf3 Bb7
16.Rg3 Rfd8 17.Bxf6 Bxf6 18.Re3 Nxd3 19.Rexd3 Rxd3 20.Rxd3 Rd8 21.Qd2 g6
22.Rxd8+ Qxd8 23.Qxd8+ Bxd8 24.Nd3 Kf8 25.Kf1 Ke7 26.Nc5 Bc8 27.N3e4 Bb6
28.Nd3 h6 29.Nec5 g5 30.g3 gxf4 31.gxf4 Bxc5 32.Nxc5 Kd6 33.Nd3 Kd5 34.Kf2 Ke4
35.Kg3 f6 36.Nf2+ Ke3 37.Ng4+ Kd2 38.Nxh6 Kxc2 39.b4 Kb2 40.Ng4 Kxa2 41.h4 a5
42.h5 axb4 43.h6 b3 44.h7 b2 45.h8=Q b1=Q 46.Qxc8 Qe1+ 47.Kf3 Qd1+  1/2-1/2

[Event "Stroer Trophy"]
[Site "Cannes FRA"]
[Date "2003.03.15"]
[Round "9"]
[White "Calzetta,M"]
[Black "Flear,C"]
[Result "0-1"]
[WhiteElo "2286"]
[BlackElo "2213"]

1.e4 c5 2.Nf3 e6 3.d4 cxd4 4.Nxd4 a6 5.Bd3 Nf6 6.O-O Qc7 7.Qe2 d6 8.c4 g6
9.Nc3 Bg7 10.Nf3 O-O 11.Bf4 Nh5 12.Be3 Bxc3 13.bxc3 e5 14.Rfd1 Be6 15.Qb2 Nd7
16.Rab1 Rfb8 17.Nd2 b6 18.Bf1 Nhf6 19.f3 Nc5 20.Nb3 Na4 21.Qd2 Ne8 22.Qd3 Rc8
23.Nd2 b5 24.Rb4 Qc6 25.Qc2 Nc7 26.Rdb1 a5 27.R4b3 bxc4 28.Ra3 Nc5 29.Nxc4 Bxc4
30.Bxc4 d5 31.exd5 Nxd5 32.Bf2 Ne6 33.Bxd5 Qxd5 34.Qe4 Qd6 35.Qa4 Nf4 36.h3 Ne2+
37.Kh1 Nxc3 38.Rxc3 Rxc3 39.Be1 Ra3 40.Qe4 Rd8 41.Rb5 Qd4 42.Qxe5 Qxe5 43.Rxe5 a4
44.Re2 Rad3 45.Kh2 a3 46.Bb4 Rb8 47.Re4 f5 48.Rc4 Kf7 49.Rc7+ Ke6 50.Re7+ Kf6
51.Bc5 Rb2 52.Rxh7 Rxa2 53.Ra7 Ke6 54.h4 Rxf3  0-1

[Event "19th Spring Fest"]
[Site "Budapest HUN"]
[Date "2003.03.18"]
[Round "5"]
[White "Nagy,Z"]
[Black "Gorgs,A"]
[Result "1/2-1/2"]
[WhiteElo "2266"]
[BlackElo "2164"]

1.e4 c5 2.Nf3 e6 3.d4 cxd4 4.Nxd4 a6 5.Bd3 Nf6 6.O-O d6 7.c4 Be7 8.Nc3 Qc7
9.Kh1 Nbd7 10.f4 b6 11.Qe2 Bb7 12.Bd2 O-O 13.Rae1 Rad8 14.a3 Rfe8 15.b4 Bf8
16.Rc1 Qb8 17.Nf3 g6  1/2-1/2

[Event "17th Masters"]
[Site "Clichy FRA"]
[Date "2003.03.22"]
[Round "1"]
[White "Onkoud,A"]
[Black "Le Roux,JP"]
[Result "1-0"]
[WhiteElo "2326"]
[BlackElo "2364"]

1.e4 c5 2.Nf3 e6 3.d4 cxd4 4.Nxd4 a6 5.Bd3 Bc5 6.Nb3 Ba7 7.O-O Ne7 8.Qh5 d6
9.Nc3 Nbc6 10.Bg5 Ne5 11.Rad1 O-O 12.Kh1 f6 13.Bh4 Qe8 14.Qxe8 Rxe8 15.Be2 Rd8
16.f4 N5c6 17.Bf2 b5 18.Bxa7 Rxa7 19.Rd2 Kf7 20.Rfd1 Rad7 21.a3 g6 22.Bf3 e5
23.f5 b4 24.axb4 Nxb4 25.g4 Ke8 26.Na5 d5 27.exd5 gxf5 28.d6 Ng6 29.gxf5 Nh4
30.Be4 Rg7 31.Nc6 Nxc6 32.Bxc6+ Bd7 33.Bxd7+ Rgxd7 34.Ne4 Kf7 35.Rf2 Rc8
36.b3 Rc6 37.c4 a5 38.c5 Ra6 39.Rc1 Rc6 40.Ra1 Ra6 41.b4 Rb7 42.Rb2 a4 43.b5 a3
44.Rb4 Nf3 45.Kg2  1-0

[Event "Spring Open"]
[Site "Belgrade YUG"]
[Date "2003.03.25"]
[Round "1"]
[White "Nikolic,Ma"]
[Black "Nestorovic,De"]
[Result "0-1"]
[WhiteElo "2040"]
[BlackElo "2397"]

1.e4 c5 2.Nf3 e6 3.d4 cxd4 4.Nxd4 a6 5.Bd3 Qb6 6.Nb3 Qc7 7.O-O Nf6 8.Nc3 d6
9.f4 Nbd7 10.Qf3 b5 11.a3 Bb7 12.Qh3 h5 13.Be3 Be7 14.Kh1 Ng4 15.Bg1 g5 16.f5 e5
17.Nd5 Bxd5 18.exd5 Ngf6 19.Qf3 g4 20.Qe2 Rc8 21.Rac1 Nb6 22.Bxb6 Qxb6 23.c4 bxc4
24.Rxc4 Rxc4 25.Bxc4 O-O 26.Nc1 a5 27.Qd2 Kh7 28.b3 Qc5 29.a4 Rg8 30.Nd3 Qb6
31.Qe1 g3 32.h3 Bf8 33.Qe2 Bh6 34.Ne1 Qe3 35.Qd1 Ne4 36.Nd3 Rg5 37.Rf3 Qd4
38.Qe1 h4 39.f6 Rg6 40.Qxa5 Bd2 41.Qc7 Qa1+ 42.Nc1 Nf2+ 43.Rxf2 gxf2 44.Bd3 Qxc1+
45.Qxc1 Bxc1  0-1

[Event "OSS IM"]
[Site "Oslo NOR"]
[Date "2003.04.03"]
[Round "1"]
[White "Hermansson,E"]
[Black "Trygstad,K"]
[Result "1/2-1/2"]
[WhiteElo "2396"]
[BlackElo "2320"]

1.e4 c5 2.Nf3 e6 3.d4 cxd4 4.Nxd4 a6 5.Bd3 Nf6 6.O-O Qc7 7.Qe2 d6 8.c4 g6
9.Nc3 Bg7 10.Rd1 O-O 11.Nf3 Nc6 12.h3 Nd7 13.Bf4 Nde5 14.Rac1 f5 15.exf5 gxf5
16.Bb1 Ne7 17.c5 N7g6 18.cxd6 Nxf4 19.Qe3 Nxh3+ 20.gxh3 Nxf3+ 21.Qxf3 Qf7
22.Na4 Bd7 23.Nb6 Rad8 24.Qxb7 Qg6+ 25.Kh1 Bb5 26.Rg1 Qh6 27.Rxg7+ Kh8 28.Rcc7 Qxh3+
29.Kg1 Rg8 30.Qg2 Qxg2+ 31.Rxg2 Rxd6 32.a4 Rd1+ 33.Kh2 Rxg2+ 34.Kxg2 Bf1+
35.Kg3 Rxb1 36.Nd7 Kg7 37.Ne5+ Kh6 38.Rb7 Rd1 39.Rb6 Rd4 40.Rxe6+ Kg7 41.b3 Rb4
42.a5 h5 43.f4 Rxb3+ 44.Kh4 Rh3+ 45.Kg5 Rg3+ 46.Kxh5 Rh3+ 47.Kg5 Rg3+ 48.Kh5  1/2-1/2

[Event "FSIMB April"]
[Site "Budapest HUN"]
[Date "2003.04.08"]
[Round "4"]
[White "Gara,A"]
[Black "Lehmann,Ho"]
[Result "1-0"]
[WhiteElo "2327"]
[BlackElo "2222"]

1.e4 c5 2.Nf3 e6 3.d4 cxd4 4.Nxd4 a6 5.Bd3 Nf6 6.O-O Qc7 7.Qe2 d6 8.c4 Nbd7
9.f4 h5 10.Kh1 b6 11.Nc3 Bb7 12.f5 e5 13.Nc2 Nc5 14.Bg5 Rc8 15.Bxf6 gxf6
16.Ne3 h4 17.Ned5 Qd8 18.Bc2 Bh6 19.b4 Nd7 20.Ba4 Bc6 21.Bxc6 Rxc6 22.b5 axb5
23.Nxb5 Bg5 24.Nb4 Qa8 25.Nxc6 Qxc6 26.Rad1 Nc5 27.Rfe1  1-0

[Event "Classics IM"]
[Site "Gausdal NOR"]
[Date "2003.04.08"]
[Round "7"]
[White "Nygren,K"]
[Black "Miezis,N"]
[Result "0-1"]
[WhiteElo "2207"]
[BlackElo "2516"]

1.e4 c5 2.Nf3 e6 3.d4 cxd4 4.Nxd4 a6 5.Bd3 Nc6 6.Nxc6 dxc6 7.Nd2 e5 8.Qh5 Bd6
9.Nc4 Nf6 10.Nxd6+ Qxd6 11.Qe2 Be6 12.O-O Nd7 13.Rd1 Qe7 14.b3 O-O 15.a4 Rfe8
16.a5 Rac8 17.Bc4 Nf6 18.Ba3 c5 19.Bb2 Qc7 20.Bxe6 Rxe6 21.Qc4 h6 22.Bc3 Qc6
23.Rd5 Qe8 24.Rd2 Qb5 25.f3 Qxc4 26.bxc4 Kf8 27.Rb1 Re7 28.Rb6 Ke8 29.Rbd6 Nd7
30.Kf2 f6 31.g3 Nf8 32.Ke3 Kf7 33.R2d5 Ne6 34.f4 exf4+ 35.gxf4 Rce8 36.e5 f5
37.h4 Rg8 38.Be1 g6 39.Bf2 Rc8 40.c3 Rec7 41.h5 g5 42.Rxe6 Kxe6 43.Rd6+ Kf7
44.Rxh6 Rc6 45.Rxc6 gxf4+ 46.Kxf4 Rxc6 47.Kxf5 b6 48.axb6 Rxb6 49.Bxc5 Rh6
50.Kg5 Rc6 51.Bb4 Rxc4 52.h6 Rc6 53.h7 Kg7 54.Kf5 Kxh7 55.e6 Kg7 56.Ke5 Rb6
57.e7 Kf7 58.Kd4 Ke8 59.Kc5 Rg6 60.Kc4 Kd7 61.Kd4 Rb6 62.Kc5 Rb5+ 63.Kc4 Rb8
64.Kc5 Kxe7 65.Kc6+ Ke6 66.Ba5 Rb5 67.Bb6 Rh5 68.Bc5 a5 69.c4 a4  0-1

[Event "ch-Kaissa Club"]
[Site "Kharkov UKR"]
[Date "2003.04.10"]
[Round "3"]
[White "Mihalichenko,B"]
[Black "Makarov,V MDA"]
[Result "1/2-1/2"]
[WhiteElo "2276"]
[BlackElo "2312"]

1.e4 c5 2.Nf3 e6 3.d4 cxd4 4.Nxd4 a6 5.Bd3 Bc5 6.Nb3 Ba7 7.O-O Ne7 8.Nc3 Nbc6
9.Qe2 d6 10.Be3 b5 11.Bxa7 Rxa7 12.f4 O-O 13.Rae1 e5 14.f5 f6 15.a4 b4 16.Bc4+ Kh8
17.Nd5 Nxd5 18.Bxd5 Ne7 19.a5 Nxd5 20.exd5  1/2-1/2

[Event "IM"]
[Site "Evry FRA"]
[Date "2003.04.13"]
[Round "4"]
[White "Midoux,S"]
[Black "Velikov,P"]
[Result "0-1"]
[WhiteElo "2296"]
[BlackElo "2435"]

1.e4 c5 2.Nf3 e6 3.d4 cxd4 4.Nxd4 a6 5.Bd3 Nf6 6.O-O Qc7 7.c4 Nc6 8.Nxc6 dxc6
9.Be3 e5 10.h3 Nd7 11.Nd2 Bc5 12.Re1 O-O 13.Bf1 a5 14.Rc1 Rd8 15.Rc3 Bxe3
16.Rcxe3 Nc5 17.Qc1 a4 18.Rg3 Be6 19.Nf3 f6 20.Re3 Qd7 21.Be2 Kh8 22.Qc3 Bf7
23.Nh4 Qd2 24.Qa3 b6 25.Nf5 Bg6 26.Bg4 Qc1+ 27.Kh2 Qxc4 28.Nh4 Bxe4 29.Be2 Qe6
30.Qb4 Bb1 31.Qxb6 Qd6 32.Bf3 g5 33.Bh5 Rdb8  0-1

[Event "ch-FAI"]
[Site "Torshavn FAI"]
[Date "2003.04.14"]
[Round "4"]
[White "Simonsen,O"]
[Black "Olsen,H"]
[Result "0-1"]
[WhiteElo "2250"]
[BlackElo "2278"]

1.e4 c5 2.Nf3 e6 3.d4 cxd4 4.Nxd4 a6 5.Bd3 Nf6 6.O-O Qc7 7.Nd2 Bc5 8.c3 Nc6
9.N2f3 d6 10.Bc2 Bd7 11.Bg5 h6 12.Bxf6 gxf6 13.Qd2 Ke7 14.Rad1 Rag8 15.b4 Ba7
16.Nxc6+ bxc6 17.Kh1 Rg4 18.Ne1 h5 19.f3 Rg7 20.f4 Rhg8 21.Qe2 a5 22.Qxh5 axb4
23.cxb4 Qb8 24.Qa5 Rh8 25.Rf3 e5 26.f5 Bd4 27.Qa6 Qxb4 28.Rb3 Qc5 29.Rb7 Rxh2+
30.Kxh2 Bg1+ 31.Kh3 Qe3+ 32.Nf3 Rh7+ 33.Kg3 Qf4+  0-1

[Event "FSGM April"]
[Site "Budapest HUN"]
[Date "2003.04.15"]
[Round "11"]
[White "McDonald,N"]
[Black "Farago,I"]
[Result "1/2-1/2"]
[WhiteElo "2392"]
[BlackElo "2477"]

1.e4 c5 2.Nf3 e6 3.d4 cxd4 4.Nxd4 a6 5.Bd3 Nf6 6.O-O d6 7.c4 Qc7 8.Nc3 Be7
9.f3 b6 10.Be3 Bb7 11.Qe2 Nbd7 12.Rfd1 O-O 13.Rac1 Rac8 14.Kh1 Rfe8 15.Bg1 Qb8  1/2-1/2

[Event "6th St Quentin Open"]
[Site "Elancourt FRA"]
[Date "2003.04.18"]
[Round "8"]
[White "Draoui,N"]
[Black "Bogdanov,E"]
[Result "0-1"]
[WhiteElo "2278"]
[BlackElo "2202"]

1.e4 c5 2.Nf3 e6 3.d4 cxd4 4.Nxd4 a6 5.Bd3 Nf6 6.c4 Nc6 7.Nxc6 dxc6 8.O-O e5
9.h3 Bc5 10.Qe2 O-O 11.Nd2 a5 12.Nb3 Ba7 13.Bg5 h6 14.Bh4 a4 15.Nd2 g5 16.Bg3 Nd7
17.Rfd1 Qe7 18.Nf1 Bd4 19.Ne3 Nc5 20.Rab1 a3 21.b3 Rd8 22.Bc2 Na6 23.Nf5 Bxf5
24.exf5 f6 25.c5 Bxc5 26.Bd3 b5 27.Be4 Nb8 28.Re1 Bd4 29.Qh5 Rc8 30.Re2  0-1

[Event "7th Neckar Open"]
[Site "Deizisau GER"]
[Date "2003.04.19"]
[Round "4"]
[White "Haub,TM"]
[Black "Landa,K"]
[Result "0-1"]
[WhiteElo "2391"]
[BlackElo "2643"]

1.e4 c5 2.Nf3 e6 3.d4 cxd4 4.Nxd4 a6 5.Bd3 Bc5 6.Nb3 Ba7 7.O-O Nc6 8.Kh1 Nge7
9.f4 d5 10.Qe1 O-O 11.a3 dxe4 12.Qxe4 f5 13.Qe1 Ng6 14.Be3 e5 15.Bxa7 Rxa7
16.fxe5 Ncxe5 17.Be2 b6 18.Nc3 Rd7 19.Rd1 Bb7 20.Rxd7 Qxd7 21.Qf2 f4 22.Nd4 h6
23.Nf3 Qc7 24.Nxe5 Nxe5 25.Qd4 Qc6 26.Bf3 Nxf3 27.gxf3 Qe6 28.Ne4 Rf7 29.Qd8+ Kh7
30.Re1 Rd7 31.Qf8 Qe5 32.h4 Qh5 33.Nf6+ gxf6 34.Re7+ Rxe7 35.Qxe7+ Kg8 36.Qxb7 Qxh4+
37.Kg2 Qg5+ 38.Kh1 h5 39.Qe4 Qe5 40.Qa8+ Kg7 41.Qb7+ Kg6 42.Qxb6 Qe3 43.Qb3 Kg5
44.Qg8+ Kh4 45.Qg2 Qc1+ 46.Kh2 Qxb2 47.Qd2 Kg5 48.a4 Qe5 49.c4 Qe3 50.Qg2+ Kf5
51.Qc2+ Ke6 52.Kg2 Kd6 53.Qd2+ Kc5 54.Qd5+ Kb4 55.Qd6+ Ka5 56.Qc6 Qe2+ 57.Kh1 h4
58.Qc7+ Kxa4 59.Qxf4 Qe1+ 60.Kg2 Qg3+  0-1

[Event "41st Doeberl Cup"]
[Site "Canberra AUS"]
[Date "2003.04.21"]
[Round "6"]
[White "Hamilton,D"]
[Black "Humphrey,J"]
[Result "1-0"]
[WhiteElo "2275"]
[BlackElo "2230"]

1.e4 c5 2.Nf3 e6 3.d4 cxd4 4.Nxd4 a6 5.Bd3 Bc5 6.Nb3 Ba7 7.Nc3 Nc6 8.Qe2 d6
9.Be3 Nf6 10.O-O-O b5 11.f4 e5 12.f5 b4 13.Nd5 a5 14.Bg5 Bd7 15.Bxf6 gxf6
16.Qg4 Kf8 17.Qh4 h5 18.Qxf6 Qxf6 19.Nxf6 Ke7 20.Nd5+ Kd8 21.Bb5 Ne7 22.Bxd7 Kxd7
23.Nxa5 Bd4 24.Rxd4 exd4 25.Nb6+ Kc7 26.Nxa8+ Rxa8 27.Nb3 Nc6 28.Rd1 Rxa2
29.Kb1 Ra8 30.Nxd4 Rg8 31.g3 Rg4 32.Nb5+  1-0

[Event "XXI Open"]
[Site "Metz FRA"]
[Date "2003.04.24"]
[Round "6"]
[White "Bruned,Y"]
[Black "Gaponenko,I"]
[Result "1/2-1/2"]
[WhiteElo "2125"]
[BlackElo "2417"]

1.e4 c5 2.Nf3 e6 3.d4 cxd4 4.Nxd4 a6 5.Bd3 Qc7 6.O-O Nc6 7.Be3 Nf6 8.c4 Ne5
9.h3 Bc5 10.Nc3 O-O 11.Rc1 d6 12.a3 Bd7 13.b4 Ba7 14.Qe2 Rfc8 15.Nb1 Qd8
16.Nc3 Qc7 17.Nb1 Re8 18.Nd2 Qd8 19.N2f3 Ng6 20.Nb3 Nh5 21.Bxa7 Rxa7 22.Qe3 Ra8
23.Rfd1 Ba4 24.Bc2 Rc8 25.Nbd4 Bd7 26.Bb3 Qf6 27.Ne2 Qb2 28.Rxd6 Bc6 29.Bc2 Nf6
30.Qc3 Qxc3 31.Nxc3 Nf4 32.Nd4 e5 33.Nxc6 Rxc6 34.Rxc6 bxc6 35.Rd1 Ne6 36.Ne2 a5
37.Rd6 axb4 38.axb4 Rc8 39.Nc3 Kf8 40.Rd2 Nd4 41.Ba4 Ke7 42.f3 Nd7 43.Ne2 Ne6
44.Kf2 Nb6 45.Bb3 Rb8 46.c5 Nd7 47.Bxe6 fxe6 48.Rd6 Rxb4 49.Rxc6 Rc4 50.Rc7 Kd8
51.Ra7 Rxc5 52.Ke3 Ke7 53.Kd2 Rc8 54.Nc1 Rd8 55.Nd3 Kf6 56.Rc7 Nf8 57.g3 Ng6
58.h4 h5 59.Rc5 Ra8 60.Rc7 Ra2+ 61.Rc2 Ra8 62.Rc7 Ra4 63.Rc5 Ra7 64.Rc8 Ke7
65.Rc2 Kd6 66.Rb2 Ra3 67.Rb6+ Ke7 68.Rb7+ Kf6 69.Rc7 Nf8 70.Rc5 Ra2+ 71.Rc2 Ra7
72.Rc8 Nd7 73.Rc6 Ra2+ 74.Rc2 Ra6 75.Nc5 Rd6+ 76.Ke2 Nb6 77.Rd2 Rc6 78.Nd7+ Nxd7
79.Rxd7  1/2-1/2

[Event "XXI Open"]
[Site "Metz FRA"]
[Date "2003.04.24"]
[Round "6"]
[White "Gouliev,N"]
[Black "Meijers,V"]
[Result "1/2-1/2"]
[WhiteElo "2402"]
[BlackElo "2512"]

1.e4 c5 2.Nf3 e6 3.d4 cxd4 4.Nxd4 a6 5.Bd3 Qc7 6.O-O Nc6 7.Nb3 Nf6 8.Nc3 b5
9.f4 d6 10.Be3 Bb7 11.Qf3 Be7 12.Kh1 h5 13.a4 b4 14.Ne2 Na5 15.Nxa5 Qxa5
16.Nd4 h4 17.Bd2 h3 18.g4 d5 19.e5 Ne4 20.Be3 Qc7 21.f5 Qxe5 22.fxe6 f6 23.Qe2 Bc5
24.Rf5 Qd6 25.Bxe4 Bxd4 26.Rd1 Bxe3 27.Bxd5 Bxd5+ 28.Rdxd5 Qxe6 29.Rd3 O-O
30.Rxe3 Qc6+ 31.Qf3 Rad8 32.Re1 Qxc2 33.Qxh3 Rfe8 34.Ref1 Rd1 35.Rf2 Rxf1+
36.Qxf1 Qc6+ 37.Kg1 Re4 38.h3 Qxa4 39.g5 Qa5 40.gxf6 Qe5 41.fxg7 Re1 42.Rf8+ Kxg7
43.Rf7+ Kg6 44.Rf6+ Qxf6 45.Qxe1 a5 46.Qe4+ Qf5 47.Qe8+ Kg5 48.Qd8+ Kf4 49.Qh4+ Ke3
50.Qe1+ Kd4 51.Qd1+ Kc4 52.h4 a4 53.Qxa4 Qb1+ 54.Kf2 Qxb2+ 55.Ke1 Qc3+ 56.Kd1 Qf3+
57.Kc1 Qf1+ 58.Kb2 Qf6+ 59.Kb1 Qxh4 60.Qc6+ Kd3 61.Qd6+ Kc3 62.Qc5+ Qc4 63.Qxc4+ Kxc4
64.Kb2 b3 65.Kb1 Kb4 66.Kb2 Ka4 67.Kb1 Ka3 68.Ka1 b2+ 69.Kb1  1/2-1/2

[Event "III Mario Covas"]
[Site "Santos BRA"]
[Date "2003.04.24"]
[Round "3"]
[White "Milos,G"]
[Black "Zapata,A"]
[Result "1-0"]
[WhiteElo "2586"]
[BlackElo "2543"]

1.e4 c5 2.Nf3 e6 3.d4 cxd4 4.Nxd4 a6 5.Bd3 Nf6 6.O-O Qc7 7.Qe2 d6 8.c4 g6
9.Nc3 Bg7 10.Rd1 O-O 11.Nf3 Nc6 12.b3 Ng4 13.Bb2 d5 14.g3 dxc4 15.Bxc4 b5
16.Bd3 Bb7 17.Rac1 Qb6 18.Bb1 Rfd8 19.Kg2 Nge5 20.Nxe5 Nxe5 21.Rxd8+ Rxd8
22.Rd1 f5 23.Rxd8+ Qxd8 24.f3 g5 25.Nd1 g4 26.fxg4 Nxg4 27.Bxg7 Kxg7 28.Nf2 Nxf2
29.Qxf2 fxe4 30.Qe3 Qd5 31.Kf2 h6 32.Bc2 b4 33.Ke2 a5 34.Qb6 Kf6 35.h4 Kf5
36.Qe3 Kg6 37.Qb6 Bc6 38.Ke3 Qd6 39.Bxe4+  1-0

[Event "Commonwealth Ch"]
[Site "Mumbai IND"]
[Date "2003.04.25"]
[Round "8"]
[White "Kunte,A"]
[Black "Fominyh,A"]
[Result "1/2-1/2"]
[WhiteElo "2499"]
[BlackElo "2529"]

1.e4 c5 2.Nf3 e6 3.d4 cxd4 4.Nxd4 a6 5.Bd3 Bc5 6.Nb3 Ba7 7.O-O Nc6 8.Qe2 d6
9.Be3 Bxe3 10.Qxe3 Nf6 11.Nc3 O-O 12.Rad1 b5 13.Be2 Qc7 14.a3 Rd8 15.Rd2  1/2-1/2

[Event "III Mario Covas"]
[Site "Santos BRA"]
[Date "2003.04.25"]
[Round "5"]
[White "Leitao,R"]
[Black "Zapata,A"]
[Result "1-0"]
[WhiteElo "2533"]
[BlackElo "2543"]

1.e4 c5 2.Nf3 e6 3.d4 cxd4 4.Nxd4 a6 5.Bd3 Nf6 6.O-O Qc7 7.Qe2 d6 8.c4 Be7
9.Nc3 O-O 10.f4 Nbd7 11.Kh1 Re8 12.Bd2 g6 13.Rae1 e5 14.Nf3 exf4 15.Bxf4 Nc5
16.Bb1 Be6 17.Nd4 Rac8 18.b3 Nh5 19.Be3 Bh4 20.Rd1 Bg3 21.Qf3 Be5 22.Nd5 Bxd5
23.exd5 Ng7 24.b4 Na4 25.Rc1 Qe7 26.Bg1 Nb6 27.c5 Nd7 28.c6 Nf6 29.cxb7 Rxc1
30.Rxc1 Qxb7 31.Nc6 Nd7 32.Bd3 Nh5 33.Rf1 Rf8 34.Qe3 Ndf6 35.Qa7 Qxa7 36.Bxa7 Nxd5
37.Bxa6 Bc3 38.a3 Re8 39.Bc4 Nhf6 40.b5 Ne7 41.Rd1 d5 42.Bb3 Nxc6 43.bxc6 Rc8
44.Ba4 Ra8 45.c7 Ba5 46.Rc1 Rc8 47.Bb8 d4 48.Bb5 Nd5 49.Ba6 Rxc7 50.Bxc7 Nxc7
51.Rc5 Bb6 52.Rc6 Ba5 53.Bc4 Kf8 54.Rf6 Ke7 55.Rxf7+ Kd6 56.Rxh7 g5 57.g3 Kc5
58.Bd3 Nd5 59.Rh5 Bd2 60.Kg2 Bc1 61.h4 Nf6 62.Rxg5+ Bxg5 63.hxg5 Nh5 64.Kf3 Kd5
65.Kg4 Ng7 66.g6 Ke6 67.Kg5 Ke7 68.Bc4 Kf8 69.Kh6 d3 70.Bxd3 Kg8 71.a4  1-0

[Event "XXI Open"]
[Site "Metz FRA"]
[Date "2003.04.26"]
[Round "8"]
[White "Ciuksyte,D"]
[Black "Meijers,V"]
[Result "0-1"]
[WhiteElo "2375"]
[BlackElo "2512"]

1.e4 c5 2.Nf3 e6 3.d4 cxd4 4.Nxd4 a6 5.Bd3 Qc7 6.O-O Nc6 7.Nb3 Nf6 8.f4 d6
9.Nc3 b5 10.Qe2 Bb7 11.a4 b4 12.Na2 Be7 13.Kh1 h5 14.Bd2 d5 15.e5 Ne4 16.c3 bxc3
17.Nxc3 Nxd2 18.Qxd2 g6 19.Ne2 Qb6 20.Nbd4 Bb4 21.Qd1 Nxd4 22.Nxd4 O-O 23.Bc2 Rfc8
24.a5 Qc7 25.Rf3 Bc6 26.Rg3 h4 27.Rh3 Be8 28.Rxh4 Bc5 29.Rc1 Bxd4 30.Qxd4 Qxa5
31.Qe3 Rc4 32.Qh3 Kf8 33.Rh8+ Ke7 34.Qb3 Rac8 35.h3 Qb4 36.Qd3 Qc5  0-1

[Event "11th Sigeman & Co"]
[Site "Malmoe SWE"]
[Date "2003.04.29"]
[Round "1"]
[White "Lindberg,Be"]
[Black "Hansen,SuB"]
[Result "0-1"]
[WhiteElo "2392"]
[BlackElo "2537"]

1.e4 c5 2.Nf3 e6 3.d4 cxd4 4.Nxd4 a6 5.Bd3 Bc5 6.Nb3 Ba7 7.Nc3 Nc6 8.Qe2 d6
9.Be3 Nge7 10.f4 b5 11.O-O Ng6 12.Kh1 O-O 13.f5 Nge5 14.Bxa7 Rxa7 15.Qh5 g6
16.Qh6 f6 17.fxe6 Bxe6 18.Ne2 Qb6 19.Qd2 Rd7 20.Nf4 Bf7 21.Be2 Ne7 22.Nd3 Be6
23.c3 Nc4 24.Qc1 Nc6 25.Nf4 Re7 26.Bf3 Bf7 27.Rd1 Qf2 28.Nd3 Qe3 29.Qxe3 Nxe3
30.Rd2 Nc4 31.Rf2 Kg7 32.Kg1 Nb6 33.Rd1 Rd8 34.Nf4 Ne5 35.Nd3 Nc6 36.Nf4 Na4
37.Rfd2 Ne5 38.Rxd6 Rc8 39.Rb1 Nc4 40.Rxa6 Ncxb2 41.Ne2 Nd3 42.Rd1 Ndc5 43.Nxc5 Nxc5
44.Ra5 Nxe4 45.Rxb5 Bxa2 46.Rb2 Bg8 47.Rd3 Nc5 48.Rd4 Nb3 49.Rd1 Rcc7 50.Bd5 Bxd5
51.Rxd5 Nc5 52.Rd4 Ra7 53.Rd1 Ra4 54.Nd4 h5 55.Re2 Ne4 56.Rc1 f5 57.c4 Kf6
58.Nf3 Rc7 59.Rec2 Ra6 60.Kf1 Rd6 61.Ke2 g5 62.Nd2 Nc5 63.Rb1 g4 64.h3 Kg5
65.hxg4 hxg4 66.Rc3 Rcd7 67.Nf1 Ne4 68.Re3 Rd4 69.Rc1 f4 70.Ra3 Re7 71.Ra5+ Kh4
72.Rc2 Nd2+ 73.Kf2 g3+  0-1

[Event "Rhone Open"]
[Site "Lyon FRA"]
[Date "2003.05.02"]
[Round "7"]
[White "Guedon,S"]
[Black "Guido,F"]
[Result "1/2-1/2"]
[WhiteElo "2233"]
[BlackElo "2346"]

1.e4 c5 2.Nf3 e6 3.d4 cxd4 4.Nxd4 a6 5.Bd3 Bc5 6.Nb3 Ba7 7.Nc3 Nc6 8.Qe2 Nge7
9.Be3 d6 10.a4 O-O 11.O-O Bxe3 12.Qxe3 e5 13.Rad1 Nb4 14.Rd2 Be6 15.Be2 Nxc2
16.Rxc2 Bxb3 17.Rd2 Qc7 18.Bg4 Be6 19.Bxe6 fxe6 20.Qh3 Rf6 21.Rfd1 Rd8 22.Qg4 Qc5
23.Kh1 Nc6 24.Qh5 Rd7 25.Qh4 Rd8 26.Qg4 Ne7 27.Qg5 h6 28.Qe3 Qxe3 29.fxe3 Nc8
30.Nb1 Rf7 31.Rc2 Rfd7 32.Nd2 Kf7 33.Nc4 Ke7 34.a5 Rc7 35.b3 Rdd7 36.Rf2 Ke8
37.Rfd2 Rc5 38.h3 Rb5 39.Rd3 Ke7 40.Kh2 Rc7 41.Kg3 Rb4 42.Kf3 Rc5 43.g4 Kf6
44.h4 Rc6 45.R1d2 Rc7 46.Rd1 Ke7 47.R1d2 Kf6 48.Rd1 Rb5 49.R1d2  1/2-1/2

[Event "National I"]
[Site "Clermont-Ferrand FRA"]
[Date "2003.05.09"]
[Round "9"]
[White "Skripchenko,A"]
[Black "Flear,C"]
[Result "1-0"]
[WhiteElo "2501"]
[BlackElo "2213"]

1.e4 c5 2.Nf3 e6 3.d4 cxd4 4.Nxd4 a6 5.Bd3 Nf6 6.O-O Qc7 7.Qe2 d6 8.c4 g6
9.f4 Bg7 10.Nf3 O-O 11.Nc3 Nc6 12.Kh1 b6 13.Be3 Bb7 14.Rac1 Nd7 15.a3 Nc5
16.b4 Nb3 17.Rb1 Nbd4 18.Nxd4 Bxd4 19.Rbc1 Bxe3 20.Qxe3 Rae8 21.Na4 f5 22.Nxb6 Ne7
23.Na4 fxe4 24.Bxe4 Nf5 25.Qd3 Bxe4 26.Qxe4 Qg7 27.c5 d5 28.Qd3 d4 29.c6 Ne3
30.Rf3 Nd5 31.Qe4 Qh6 32.Qxd4 Nxf4 33.Qe3 g5 34.c7 Nd5 35.Rxf8+ Rxf8 36.Qa7 Qg7
37.h3 g4 38.c8=Q Qxa7 39.Qxe6+ Qf7 40.Qxg4+ Kh8 41.Qd4+  1-0

[Event "28th Keres Mem"]
[Site "Vancouver CAN"]
[Date "2003.05.16"]
[Round "1"]
[White "Pacheco,S"]
[Black "Stanford,M"]
[Result "1/2-1/2"]
[WhiteElo "2125"]
[BlackElo "2205"]

1.e4 c5 2.Nf3 e6 3.d4 cxd4 4.Nxd4 a6 5.Bd3 Bc5 6.Nb3 Be7 7.Nc3 Qc7 8.O-O Nf6
9.f4 d6 10.Be3 b5 11.f5 Bb7 12.fxe6 fxe6 13.Nd4 Qc8 14.Qf3 Nc6 15.Rae1 Nxd4
16.Bxd4 e5 17.Be3 O-O 18.a3 Ng4 19.Qg3 Nxe3 20.Rxe3 Qc5 21.Nd1 h6 22.b4 Qd4
23.c3 Qb6 24.h4 Rxf1+ 25.Kxf1 Rf8+ 26.Rf3 Rxf3+ 27.gxf3 Qd8 28.h5 Bg5 29.Bc2 Qe8
30.Bb3+ Kf8 31.Qh2 Ke7 32.Ke2 Bc8 33.Ne3 Qc6 34.Nd5+ Kd8 35.Qg1 Be6 36.Kd3 Qb7
37.c4 Bf7 38.c5 Qa7 39.Qa1 dxc5 40.bxc5 Qxc5 41.Qxe5 Bxd5 42.Qxd5+ Qxd5+  1/2-1/2

[Event "58th NY Masters"]
[Site "New York USA"]
[Date "2003.05.27"]
[Round "3"]
[White "Shahade,G"]
[Black "Stripunsky,A"]
[Result "0-1"]
[WhiteElo "2441"]
[BlackElo "2567"]

1.e4 c5 2.Nf3 e6 3.d4 cxd4 4.Nxd4 a6 5.Bd3 Bc5 6.Nb3 Ba7 7.Nc3 Nc6 8.O-O d6
9.Qe2 Nge7 10.Be3 e5 11.Nd5 O-O 12.c4 Bxe3 13.Qxe3 a5 14.Rad1 a4 15.Nc1 Nd4
16.Ne2 Nxd5 17.cxd5 Nxe2+ 18.Bxe2 f5 19.exf5 Bxf5 20.f4 Re8 21.Bb5 Re7 22.Rfe1 Qa5
23.Bd3 Rf8 24.Bf1 h6 25.Kh1 Bg4 26.Rc1 Qb4 27.fxe5 Rxe5 28.Qg3 Rxe1 29.Rxe1 Qf4
30.Qxf4 Rxf4 31.h3 Bd7 32.b3 a3 33.Kg1 b5 34.Re7 Rf7 35.Re3 Rf4 36.Re7 Rf7
37.Re3 Kf8 38.b4 Rf4 39.Rxa3 Rxb4 40.Re3 Rd4 41.Rd3 Rxd3 42.Bxd3 Ke7 43.Kf2 Kf6
44.Ke3 Ke5 45.Be4 b4 46.Bf3 Bb5 47.g3 Bc4  0-1